| 000 | 00986nam a2200289Ia 4500 | ||
|---|---|---|---|
| 003 | OSt | ||
| 005 | 20221007125004.0 | ||
| 006 | a|||||r|||| 00| 0 | ||
| 007 | ta | ||
| 008 | 221006b |||||||| |||| 00| 0 eng d | ||
| 020 | _a9780128150528 (pbk) | ||
| 024 | _a201049 | ||
| 037 |
_b6142, 12/02/2020, Ashutosh Technical Books _cTextual |
||
| 040 |
_aCDL _cCDL _beng |
||
| 041 |
_2eng _aeng |
||
| 082 | _aE8, Q9 Carc | ||
| 100 |
_aBalakrishna Maravanji S. Ed. _9721263 |
||
| 245 | 0 | _aCopper(I) chemistry of phosphines, functionalized phosphines, and phosphorus hetrocycles | |
| 260 |
_aAmsterdam _bElsevier _c2019 |
||
| 300 |
_axviii, 425p. ill. _ccm. |
||
| 500 | _aInclude References; Index 407-425p. | ||
| 650 |
_a Enantioselective catalysis _9718227 |
||
| 650 |
_a Phosphine _9721264 |
||
| 650 | _aChemistry | ||
| 942 |
_hE8, Q9 Carc _cTEXL _2CC |
||
| 999 |
_c1214474 _d1214474 |
||